000 00306nam a22001337a 4500
020 _a81-85068-49-6
041 _aENG
100 _aEgypt.H.T
245 _a16th Congress on Irrigation and Drainage
260 _aNew Delhi
_bICID Central Office
_c1996
300 _a167
650 _aIDE
856 _uIDE ( 05 )
999 _c1553
_d1553